<?xml version="1.0" encoding="UTF-8"?>
<record
    xmlns:xsi="http://www.w3.org/2001/XMLSchema-instance"
    xsi:schemaLocation="http://www.loc.gov/MARC21/slim http://www.loc.gov/standards/marcxml/schema/MARC21slim.xsd"
    xmlns="http://www.loc.gov/MARC21/slim">

  <leader>01602nam2a2200313   4500</leader>
  <controlfield tag="001">RU\NLR\BIBL_A\010802352</controlfield>
  <controlfield tag="005">20250614101403.0</controlfield>
  <datafield tag="010" ind1=" " ind2=" ">
    <subfield code="a">978-5-9571-1088-0</subfield>
    <subfield code="9">100</subfield>
  </datafield>
  <datafield tag="021" ind1=" " ind2=" ">
    <subfield code="a">RU</subfield>
    <subfield code="b">2015-38282</subfield>
    <subfield code="9">2270</subfield>
  </datafield>
  <datafield tag="035" ind1=" " ind2=" ">
    <subfield code="a">(NLR Aleph) 010802352</subfield>
  </datafield>
  <datafield tag="090" ind1=" " ind2=" ">
    <subfield code="a">10166746</subfield>
    <subfield code="c">10166746</subfield>
  </datafield>
  <datafield tag="100" ind1=" " ind2=" ">
    <subfield code="a">20150715d2015    |||y0rusy50      ca</subfield>
  </datafield>
  <datafield tag="101" ind1="0" ind2=" ">
    <subfield code="a">eng</subfield>
    <subfield code="a">ger</subfield>
    <subfield code="a">bel</subfield>
    <subfield code="a">spa</subfield>
  </datafield>
  <datafield tag="102" ind1=" " ind2=" ">
    <subfield code="a">RU</subfield>
  </datafield>
  <datafield tag="105" ind1=" " ind2=" ">
    <subfield code="a">y   z   000yy</subfield>
  </datafield>
  <datafield tag="200" ind1="0" ind2=" ">
    <subfield code="a">Vol. 4</subfield>
    <subfield code="e">papers of International conference, 14-15 April, 2015</subfield>
  </datafield>
  <datafield tag="210" ind1=" " ind2=" ">
    <subfield code="a">Belgorod</subfield>
    <subfield code="c">&#x411;&#x435;&#x43B;&#x433;&#x43E;&#x440;&#x43E;&#x434;</subfield>
    <subfield code="c">&#x41D;&#x418;&#x423; &#x411;&#x435;&#x43B;&#x413;&#x423;</subfield>
    <subfield code="d">2015</subfield>
  </datafield>
  <datafield tag="215" ind1=" " ind2=" ">
    <subfield code="a">271 &#x441;.</subfield>
    <subfield code="c">&#x438;&#x43B;.</subfield>
  </datafield>
  <datafield tag="300" ind1=" " ind2=" ">
    <subfield code="a">&#x412; &#x43D;&#x430;&#x434;&#x437;&#x430;&#x433;.: Belgorod state nat. research univ., Mozyr state ped. univ. names after Shamyakin, Pavlodar state ped. inst.</subfield>
  </datafield>
  <datafield tag="300" ind1=" " ind2=" ">
    <subfield code="a">&#x422;&#x435;&#x43A;&#x441;&#x442; &#x43D;&#x430; &#x430;&#x43D;&#x433;&#x43B;., &#x43D;&#x435;&#x43C;., &#x440;&#x443;&#x441;., &#x431;&#x435;&#x43B;&#x43E;&#x440;&#x443;&#x441;. , &#x438;&#x441;&#x43F;. &#x44F;&#x437;.</subfield>
  </datafield>
  <datafield tag="320" ind1=" " ind2=" ">
    <subfield code="a">&#x411;&#x438;&#x431;&#x43B;&#x438;&#x43E;&#x433;&#x440;. &#x432; &#x43A;&#x43E;&#x43D;&#x446;&#x435; &#x434;&#x43E;&#x43A;&#x43B;.</subfield>
  </datafield>
  <datafield tag="461" ind1=" " ind2="0">
    <subfield code="1">001RU\NLR\b_ik\199013</subfield>
    <subfield code="1">2000#$aExperientia est optima magistra$d&#x41E;&#x43F;&#x44B;&#x442; - &#x43B;&#x443;&#x447;&#x448;&#x438;&#x439; &#x443;&#x447;&#x438;&#x442;&#x435;&#x43B;&#x44C;$ecollected articles$fBelgorod state nat. research univ.$g[ed.-in-chief: A.A. Kolesnikov]$zrus$vVol. 4</subfield>
    <subfield code="9">3955110</subfield>
    <subfield code="c">Belgorod</subfield>
    <subfield code="d">2012</subfield>
    <subfield code="f">Belgorod state nat. research univ.</subfield>
    <subfield code="l">&#x41E;&#x43F;&#x44B;&#x442; - &#x43B;&#x443;&#x447;&#x448;&#x438;&#x439; &#x443;&#x447;&#x438;&#x442;&#x435;&#x43B;&#x44C;</subfield>
    <subfield code="n">PPC NRU BelSU</subfield>
    <subfield code="o">collected articles</subfield>
    <subfield code="t">Experientia est optima magistra</subfield>
    <subfield code="v">Vol. 4</subfield>
  </datafield>
  <datafield tag="712" ind1="0" ind2="2">
    <subfield code="4">570</subfield>
    <subfield code="7">ba</subfield>
    <subfield code="8">eng</subfield>
    <subfield code="a">Mozyr state pedagogical university named after Shamyakin</subfield>
    <subfield code="9">481620</subfield>
    <subfield code="3">RU\NLR\AUTH\880407710</subfield>
  </datafield>
  <datafield tag="712" ind1="0" ind2="2">
    <subfield code="4">570</subfield>
    <subfield code="7">ba</subfield>
    <subfield code="8">eng</subfield>
    <subfield code="a">Pavlodar state pedagogical institute</subfield>
    <subfield code="9">481622</subfield>
    <subfield code="3">RU\NLR\AUTH\880407711</subfield>
  </datafield>
  <datafield tag="942" ind1=" " ind2=" ">
    <subfield code="c">BOOK</subfield>
  </datafield>
  <datafield tag="980" ind1=" " ind2=" ">
    <subfield code="a">NB</subfield>
  </datafield>
  <datafield tag="995" ind1=" " ind2=" ">
    <subfield code="5">2015-07-15</subfield>
    <subfield code="a">ad</subfield>
    <subfield code="b">NLR01</subfield>
    <subfield code="c">NLR01</subfield>
    <subfield code="e">OBM05</subfield>
    <subfield code="f">1-1020640</subfield>
    <subfield code="o">0</subfield>
    <subfield code="p">0.00</subfield>
    <subfield code="r">BOOK</subfield>
  </datafield>
  <datafield tag="995" ind1=" " ind2=" ">
    <subfield code="5">2015-07-15</subfield>
    <subfield code="a">ad</subfield>
    <subfield code="b">NLR01</subfield>
    <subfield code="c">NLR01</subfield>
    <subfield code="e">IF</subfield>
    <subfield code="f">1-1020636</subfield>
    <subfield code="k">&#x418;&#x43A; 2012-3/156</subfield>
    <subfield code="o">0</subfield>
    <subfield code="p">0.00</subfield>
    <subfield code="r">BOOK</subfield>
    <subfield code="s">_20123156</subfield>
  </datafield>
</record>
